[Event "POL-chT 56th"]
[Site "Zakopane"]
[Date "2000.09.02"]
[Round "1"]
[White "Anuszkiewicz, Konrad"]
[Black "Ostrowski, Andrzej"]
[Result "1/2-1/2"]
[WhiteElo "2195"]
[BlackElo "2242"]
[PlyCount "74"]
[EventDate "2000.09.02"]
[EventType "team-tourn"]
[EventRounds "11"]
[EventCountry "POL"]
[SourceTitle "EXT 2019"]
[Source "ChessBase"]
[SourceDate "2018.10.10"]
[SourceVersion "1"]
[SourceVersionDate "2018.10.10"]
[SourceQuality "1"]
[WhiteTeam "Suwalki Hancza"]
[BlackTeam "Rolnik Roza"]
[WhiteTeamCountry "POL"]
[BlackTeamCountry "POL"]

1. d4 d5 2. c4 e6 3. Nc3 Nf6 4. cxd5 exd5 5. Bg5 Be7 6. e3 c6 7. Bd3 Nbd7 8. Qc2 Nh5 9. Bxe7 Qxe7 10. Nge2 g6 11. g4 Ng7 12. 0-0-0 Nb6 13. h3 Be6 14. Nf4 0-0-0 15. Rhg1 Kb8 16. Kb1 g5 17. Nxe6 Nxe6 18. Ne2 h5 19. Ng3 hxg4 20. hxg4 Rh2 21. Rh1 Rdh8 22. Rxh2 Rxh2 23. Rh1 Rxh1+ 24. Nxh1 Qf6 25. Ng3 Qf3 26. Qe2 Qg2 27. Kc2 Nc8 28. Qf1 Qh2 29. Ne2 Nd6 30. Qg1 Qxg1 31. Nxg1 b6 32. Nh3 f6 33. Ng1 Kc7 34. Ne2 Nf7 35. Ng3 Nh6 36. Nh5 Kd6 37. f3 Ke7 1/2-1/2

[Event "Oberwart op"]
[Site "Oberwart"]
[Date "1998.08.01"]
[Round "8"]
[White "Ostrowski, Andrzej"]
[Black "Zimmerman, Yuri"]
[Result "1/2-1/2"]
[WhiteElo "2245"]
[BlackElo "2340"]
[PlyCount "120"]
[EventDate "1998.07.25"]
[EventType "swiss"]
[EventRounds "9"]
[EventCountry "AUT"]
[SourceTitle "CBM 065 Extra"]
[Source "ChessBase"]
[SourceDate "1998.09.09"]
[SourceVersion "1"]
[SourceVersionDate "1998.09.09"]
[SourceQuality "1"]

1. d4 g6 2. e4 d6 3. c4 Bg7 4. Nc3 Nf6 5. f3 0-0 6. Be3 a6 7. Qd2 Nc6 8. Nge2 Rb8 9. h4 h5 10. 0-0-0 b5 11. Bh6 e5 12. Bxg7 Kxg7 13. dxe5 dxe5 14. Qg5 Qe7 15. Ng3 bxc4 16. Bxc4 Rh8 17. Nf5+ Bxf5 18. exf5 Qb4 19. Bb3 Qf4+ 20. Qxf4 exf4 21. fxg6 fxg6 22. Nd5 Na5 23. Bc2 Nxd5 24. Rxd5 Nc4 25. Rd7+ Kh6 26. Rxc7 Rhc8 27. Rxc8 Rxc8 28. Rd1 Ne3 29. Rd2 g5 30. Kb1 Rc6 31. Be4 Re6 32. hxg5+ Kxg5 33. Rd8 Kf6 34. Rh8 Rd6 35. a4 Rd2 36. Rxh5 Nc4 37. Rc5 Rxb2+ 38. Kc1 Rb4 39. Rf5+ Kg7 40. Rxf4 Rxa4 41. Bd3 Ra1+ 42. Kc2 Ne5 43. Rf5 Nc6 44. Rc5 Nd4+ 45. Kc3 Ne6 46. Rf5 Ra3+ 47. Kc4 Ra4+ 48. Kb3 Ra1 49. Rd5 a5 50. g4 Nf4 51. Rd4 Ne6 52. Rd7+ Kf6 53. Bc4 Nc5+ 54. Kb2 Nxd7 55. Kxa1 Ke5 56. Kb2 Kd4 57. Be2 Ke3 58. Bd1 Kd2 59. Bb3 Ke3 60. Bd1 Kd2 1/2-1/2

[Event "Oberwart op"]
[Site "Oberwart"]
[Date "1998.07.31"]
[Round "7"]
[White "Krumpacnik, Domen"]
[Black "Ostrowski, Andrzej"]
[Result "0-1"]
[WhiteElo "2380"]
[BlackElo "2245"]
[PlyCount "104"]
[EventDate "1998.07.25"]
[EventType "swiss"]
[EventRounds "9"]
[EventCountry "AUT"]
[SourceTitle "CBM 065 Extra"]
[Source "ChessBase"]
[SourceDate "1998.09.09"]
[SourceVersion "1"]
[SourceVersionDate "1998.09.09"]
[SourceQuality "1"]

1. d4 d5 2. c4 e6 3. Nc3 Nf6 4. Bg5 Be7 5. e3 h6 6. Bh4 0-0 7. cxd5 exd5 8. Bd3 c6 9. Nge2 Nbd7 10. Qc2 Re8 11. 0-0 Nf8 12. a3 Nh5 13. Bxe7 Qxe7 14. b4 a6 15. Rab1 Qh4 16. a4 Ne6 17. Ng3 g6 18. b5 Nf6 19. bxc6 bxc6 20. Rfe1 Re7 21. a5 Ng5 22. f3 Bd7 23. Nf1 Ne6 24. Ne2 Kg7 25. Neg3 Ree8 26. Qf2 Kg8 27. Rec1 c5 28. dxc5 Rec8 29. e4 Nf4 30. Bc2 Bh3 31. Ne2 Nxg2 32. Qxh4 Nxh4 33. exd5 Nxf3+ 34. Kf2 Bxf1 35. Kxf3 Bxe2+ 36. Kxe2 Rxc5 37. Bb3 Rxa5 38. Ra1 Rxa1 39. Rxa1 Rd8 40. Ra5 Rd6 41. Kd3 Nd7 42. Kd4 Kf8 43. Ba4 Ke7 44. Bc6 Nb8 45. Kc5 Nxc6 46. dxc6 Rd2 47. Kb6 Kd6 48. Rxa6 Rb2+ 49. Ka7 Kc7 50. h4 h5 51. Ka8 Rb8+ 52. Ka7 Rb4 0-1

[Event "Oberwart op"]
[Site "Oberwart"]
[Date "1998.07.29"]
[Round "5"]
[White "Steiner, Peter"]
[Black "Ostrowski, Andrzej"]
[Result "1/2-1/2"]
[WhiteElo "2115"]
[BlackElo "2245"]
[PlyCount "142"]
[EventDate "1998.07.25"]
[EventType "swiss"]
[EventRounds "9"]
[EventCountry "AUT"]
[SourceTitle "CBM 065 Extra"]
[Source "ChessBase"]
[SourceDate "1998.09.09"]
[SourceVersion "1"]
[SourceVersionDate "1998.09.09"]
[SourceQuality "1"]

1. e4 c5 2. Nc3 e6 3. g3 Nc6 4. Bg2 g6 5. d3 Bg7 6. Be3 Nd4 7. Qd2 Ne7 8. Nd1 d6 9. c3 Ndc6 10. Bh6 0-0 11. h4 f6 12. Bxg7 Kxg7 13. f4 d5 14. h5 b5 15. hxg6 hxg6 16. e5 fxe5 17. fxe5 Rh8 18. Rxh8 Qxh8 19. Nf3 Bd7 20. Nf2 Qh6 21. Qxh6+ Kxh6 22. Ng4+ Kg7 23. Nf6 Be8 24. d4 cxd4 25. cxd4 Nf5 26. Rc1 Nfxd4 27. Nxd4 Nxd4 28. Rc7+ Bf7 29. Kf2 b4 30. Bf1 a6 31. g4 Nb5 32. Rc5 Rh8 33. Kg3 Rb8 34. Rc6 a5 35. Rc5 Nd4 36. Rxa5 Nc6 37. Rc5 Nxe5 38. g5 Rb7 39. Kf4 Nd7 40. Nxd7 Rxd7 41. Rb5 Ra7 42. Rxb4 Rxa2 43. Bh3 Ra1 44. Ke5 Re1+ 45. Kd6 e5 46. Rb7 e4 47. Be6 Rf1 48. Bxd5 e3 49. Re7 Kf8 50. Rxe3 Bxd5 51. Kxd5 Rg1 52. b4 Rxg5+ 53. Kc6 Rf5 54. b5 Kg7 55. b6 Rf2 56. b7 Rc2+ 57. Kd7 Rd2+ 58. Kc8 Rc2+ 59. Kd8 Rd2+ 60. Kc7 Rc2+ 61. Kb8 Kf6 62. Ra3 Kf5 63. Ka8 Rb2 64. b8Q Rxb8+ 65. Kxb8 g5 66. Kc7 g4 67. Kd6 Kf4 68. Ke6 g3 69. Ra1 g2 70. Kf6 Kg3 71. Kg5 Kh2 1/2-1/2

[Event "POL-chT 2nd League South"]
[Site "Wisla"]
[Date "1998.??.??"]
[Round "?"]
[White "Ostrowski, Andrzej"]
[Black "Betkowski, Andrzej"]
[Result "0-1"]
[WhiteElo "2245"]
[BlackElo "2180"]
[PlyCount "92"]
[EventDate "1998.11.20"]
[EventType "team-swiss"]
[EventRounds "10"]
[EventCountry "POL"]
[SourceTitle "EXT 2000"]
[Source "ChessBase"]
[SourceDate "1999.11.16"]
[SourceVersion "1"]
[SourceVersionDate "1999.11.16"]
[SourceQuality "1"]

1. e4 e6 2. d4 d5 3. exd5 exd5 4. Nf3 Bg4 5. Bd3 Nc6 6. c3 Bd6 7. 0-0 Qd7 8. Re1+ Nge7 9. Nbd2 h6 10. Qc2 0-0-0 11. h3 Bh5 12. b4 Rde8 13. b5 Nd8 14. Ne5 Bxe5 15. Rxe5 g5 16. c4 Ne6 17. Bb2 Nf4 18. Rae1 Bg6 19. Bxg6 Nexg6 20. Rxe8+ Rxe8 21. Rxe8+ Qxe8 22. Nf3 Qe6 23. c5 Nxg2 24. b6 Ne1 25. Nxe1 Qxe1+ 26. Kh2 axb6 27. cxb6 Qe7 28. Ba3 Qd7 29. Qc5 Qd6+ 30. Qxd6 cxd6 31. Bxd6 Kd7 32. Bc7 Nf8 33. Kg3 f5 34. h4 Ne6 35. Be5 Kc6 36. hxg5 hxg5 37. Kf3 Kxb6 38. Ke3 Kb5 39. Kd3 Ka4 40. Bd6 b5 41. f3 b4 42. Be7 Ka3 43. Ke3 Nc7 44. Kd3 Na6 45. Bxg5 Kxa2 46. Bd2 b3 0-1

[Event "POL-chT2"]
[Site "Augustow"]
[Date "1997.??.??"]
[Round "?"]
[White "Plich, Adam"]
[Black "Ostrowski, Andrzej"]
[Result "0-1"]
[WhiteElo "2050"]
[BlackElo "2285"]
[PlyCount "98"]
[EventDate "1997.??.??"]
[EventType "team"]
[EventRounds "9"]
[EventCountry "POL"]
[SourceTitle "EXT 2003"]
[Source "ChessBase"]
[SourceDate "2002.11.25"]
[SourceVersion "1"]
[SourceVersionDate "2002.11.25"]
[SourceQuality "1"]

1. e4 c5 2. c3 d5 3. exd5 Qxd5 4. d4 Nf6 5. Nf3 e6 6. Na3 cxd4 7. Nb5 Qd8 8. Nbxd4 Be7 9. Be2 0-0 10. 0-0 Nbd7 11. Bf4 Nh5 12. Be3 g6 13. Nb5 a6 14. Nd6 Qc7 15. Nxc8 Raxc8 16. Nd4 Ng7 17. Bf3 e5 18. Nb3 Nf5 19. Qe2 Nf6 20. Bg5 e4 21. Bg4 Nxg4 22. Qxg4 Bd6 23. Qxe4 Bxh2+ 24. Kh1 Rfe8 25. Qf3 Be5 26. Rad1 Qc4 27. Rfe1 f6 28. Re4 Qf7 29. Be3 Rcd8 30. Bd4 Nd6 31. Ree1 Nc4 32. Re2 Rd5 33. Rde1 Red8 34. Nc5 Bxd4 35. cxd4 Rxd4 36. Re7 Rd1 37. Rxf7 Rxe1+ 38. Kh2 Kxf7 39. Ne4 Rxe4 40. Qxe4 Nd6 41. Qd4 Rd7 42. Qd5+ Ke7 43. Qg8 g5 44. Qxh7+ Nf7 45. Qh5 Ne5 46. Qe2 Kf7 47. f3 Kg7 48. Qe4 Ng6 49. Qc2 Re7 0-1

[Event "Jaroslawiec op-A"]
[Site "Jaroslawiec"]
[Date "1995.??.??"]
[Round "6"]
[White "Pudlo, Emil"]
[Black "Ostrowski, Andrzej"]
[Result "1-0"]
[WhiteElo "2075"]
[BlackElo "2050"]
[PlyCount "55"]
[EventDate "1995.??.??"]
[EventType "swiss"]
[EventRounds "9"]
[EventCountry "POL"]
[SourceTitle "EXT 2006"]
[Source "ChessBase"]
[SourceDate "2005.11.24"]
[SourceVersion "1"]
[SourceVersionDate "2005.11.24"]
[SourceQuality "1"]

1. e4 e5 2. Nf3 Nc6 3. Bb5 a6 4. Ba4 Nf6 5. Qe2 b5 6. Bb3 Be7 7. c3 d6 8. 0-0 Bg4 9. a4 Rb8 10. axb5 axb5 11. h3 Bh5 12. d3 0-0 13. Nbd2 Re8 14. Rd1 Bf8 15. Nf1 d5 16. Ng3 Bg6 17. Bg5 dxe4 18. dxe4 Qe7 19. Ra6 Nd8 20. Nf5 Bxf5 21. Bxf6 gxf6 22. exf5 c6 23. Nd2 Bg7 24. Ne4 Nb7 25. Ra7 Rbd8 26. Rd3 Rxd3 27. Qxd3 Rd8 28. Rxb7 1-0